书目信息 |
| 题名: |
中国土地改革史
|
|
| 作者: | 赵效民 主编 | |
| 分册: | ||
| 出版信息: | 北京 人民出版社 1990.5 |
|
| 页数: | 446页 | |
| 开本: | 20cm | |
| 丛书名: | ||
| 单 册: | ||
| 中图分类: | D651.1 , F321.1 | |
| 科图分类: | ||
| 主题词: | 土地改革--历史--中国--1921~1949年 , 农业经济--中国 | |
| 电子资源: | ||
| ISBN: | 7-01-000512-5 | |
| 000 | 00742nam 2200241 45 | |
| 001 | 0190002611 | |
| 005 | 20061028092435.17 | |
| 010 | @a7-01-000512-5@dCNY7.40 | |
| 100 | @a19901008d1990 m y0chiy0120 ea | |
| 101 | 0 | @achi |
| 102 | @aCN@b110000 | |
| 105 | @ay z 000yy | |
| 200 | 10 | @a中国土地改革史@AZHONG GUO TU DI GAI GE SHI@e1921-1949@f赵效民主编@FZHAO XIAO MIN ZHU BIAN |
| 210 | @a北京@c人民出版社@d1990.5 | |
| 215 | @a446页@d20cm | |
| 540 | 1 | @a中国 土地改革 历史@AZHONG GUO TU DI GAI GE LI SHI |
| 606 | @a土地改革@x历史@y中国@z1921~1949年 | |
| 606 | 0 | @a农业经济@x中国 |
| 690 | @aD651.1@aK26 | |
| 690 | @aF321.1@v3 | |
| 701 | 0 | @a赵效民@AZHAO XIAO MIN@4主编 |
| 801 | 0 | @aCN@bTSSF@c20061028 |
| 905 | @a10447@dF321.1@e23 | |
| 中国土地改革史:1921-1949/赵效民主编.-北京:人民出版社,1990.5 |
| 446页;20cm |
| ISBN 7-01-000512-5:CNY7.40 |
| ● |
| 相关链接 |
|
|
|
|
正题名:中国土地改革史
索取号:F321.1/23
 
预约/预借
| 序号 | 登录号 | 条形码 | 馆藏地/架位号 | 状态 | 备注 |
| 1 | 0231942 | 000212647 | 第一样本阅览室/ [索取号:F321.1/23] | 在馆 |